000 00532nam a2200193Ia 4500
005 20250923144406.0
008 008 250917s9999 xx 000 0 eng d
037 _aTextual
040 _aDSWL
_beng
_cDSWL
041 _aeng
_2eng
084 _aXM25t2:N44, H6
_qDSWL
245 0 _aReport
_cby INDIA Coperative Planning Committee
260 _aNew Delhi
_b Govt of India Press
_c1946
300 _a249 p.
365 _aINR
_b1.8
925 _g1.8
942 _cTEXL
_hXM25t2:N44, H6
999 _c1438289
_d1438289